00562 2200157 4500001002100000008004100021035002000062245013800082110004500220260004500265300002500310084001600335082001000351650003100361990001200392INLIS000000000000876 Ind  a0010-1024000007 aBuku Pedoman Pembinaan Program Perilaku Hidup Bersih dan Sehat Di Tatanan Tempat-Tempat UmumcDepartemen Kesehatan Republik Indonesia aIndonesia, Departemen Kesehatan Republik aJakarta :bDepartemen Kesehatan RIc2000 a40 Halaman :c23 cm. a362.1 IND p a362.1 aHEALTH SERVICES - PLANNING a0001270